000 00452nam a2200157 a 4500
005 20140412111238.0
008 010307s19uu xx 00 eng d
020 _a0-553-15757-4
050 _aER
_bHa14 1989
245 _aHalloween night /
_cillustrated by Carolyn Bracken.
260 _aNew York :
_bBantam Books,
_c1989.
300 _a24 p. ; ill.
500 _aBased on a Children's holiday song
650 _aHalloween
_xFiction
999 _c102585
_d102585